LIBRARY & INFORMATION CENTRE, KCAET, TAVANUR

ONLINE PUBLIC ACCESS CATALOGUE (OPAC)

Banking Awareness (Record no. 15658)

MARC details
000 -LEADER
fixed length control field 00298nam a22001337a 4500
003 - CONTROL NUMBER IDENTIFIER
control field OSt
008 - FIXED-LENGTH DATA ELEMENTS--GENERAL INFORMATION
fixed length control field 190523b ||||| |||| 00| 0 eng d
020 ## - INTERNATIONAL STANDARD BOOK NUMBER
ISBN 9789388240949
082 ## - DEWEY DECIMAL CLASSIFICATION NUMBER
Classification number 371.271
245 ## - TITLE STATEMENT
Title Banking Awareness
260 ## - PUBLICATION, DISTRIBUTION, ETC. (IMPRINT)
Place of publication New Delhi
Name of publisher Dish Publication
300 ## - PHYSICAL DESCRIPTION
Number of Pages 252 p.
942 ## - ADDED ENTRY ELEMENTS (KOHA)
Koha item type Books
Holdings
Withdrawn status Lost status Damaged status Collection code Home library Current library Shelving location Date acquired Cost, normal purchase price Full call number Accession Number Koha item type
      Non-fiction KAUAET KAUAET General Stacks 23/05/2019 210.00 371.271 25886 Books
      Non-fiction KAUAET KAUAET General Stacks 24/05/2019 210.00 371.271 25932 Books
free website counter